00471 2200181 4500245007600000020002200076250001100098100001800109700001700127650001100144650001500155005001900170260003700189041001400226084000800240300003200248336000900280 aCerdas Bekerja Sama dengan Orang Berbagai KaraktercArmada YudikahText a978-602-8608-90-9 aCet. 1 aArmada Yudika aArfat Rayana aCerdas aKerja Sama a20230220141223 aJakartabGading Inti Primac2012 aIndonesia a153 aiv, 62 hlm. :cilus. 25 cm. atext